000 00528nam a2200157 a 4500
008 120416s0000 ||||||||||||||||| || u
020 _a0582424275
050 _aTJ 1160 Tim
100 _aTimings, R.L
245 1 0 _aBasic engineering craft course
246 _aworkshop theory (mechanical)
260 _aLondon
_bLongman
_c1969
300 _av, 284p. : ill.
350 _a0.00
995 _D0.00
_FCBU-MAIN LIBRARY (Kitwe)
_H1
_I3.15
_M1
_UDAMAGED
_ZMain Library Open Access Collection
999 _c35542
_d35542